| 000 | 00466nam a22001817a 4500 | ||
|---|---|---|---|
| 003 | MPLRDC | ||
| 005 | 20220104142607.0 | ||
| 008 | 210129b ||||| |||| 00| 0 eng d | ||
| 020 | _a7-5419-3524-7 | ||
| 082 | _a175 PW | ||
| 100 | _a彭卫 | ||
| 245 |
_a另一个世界: 中国历史上的变态行为考察 _c |
||
| 250 | _a一版一刷 | ||
| 260 |
_a _b陕西人民教育出版社 _c1993 |
||
| 300 | _b平 | ||
| 650 | _a超意识心理 | ||
| 942 |
_cBK _o175 PW |
||
| 999 |
_c32144 _d32134 |
||